Word Ladder: Bono Goes to Space Quiz Stats

 Plays Quiz Updated Apr 24, 2017

Support Sporcle.
Go Orange.
Score 0/20 Timer 02:00
1 Play Today
Clue 4-Letter Word % Correct
Castle in chessROOK
95.3%
Knitted foot coveringSOCK
94.8%
Wander freelyROAM
94.8%
Kitchen, e.g.ROOM
94.7%
Fly like a birdSOAR
94.1%
Immerse in liquidSOAK
93.5%
Stone
With [Rung 1], Irish symbol
With [Rung 11], music celebrity
•ROCK•
92.2%
Front of the lower legSHIN
91.9%
500 sheets of paperREAM
91.3%
Cedar, ash, or oak, e.g.TREE
90%
Clue 4-Letter Word % Correct
Narrow, slim, slenderTHIN
88.7%
Sewing lineSEAM
86.6%
Sirius, Alpha Centauri, or Betelgeuse, e.g.
With [Rung 7], music celebrity
With [Rung 20], franchise of Kirk and Picard
•STAR•
86.4%
What my country 'tis ofTHEE
85.9%
Conditional often paired with 'if'THEN
84.1%
Long journey
With [Rung 11], franchise of Kirk and Picard
•TREK•
82.7%
Avoid persistentlySHUN
82.4%
Eminem's #1 fanSTAN
78.4%
Amaze, daze, or bewilderSTUN
78.1%
Fake bedding item?
With [Rung 7], Irish symbol
•SHAM•
56.7%

Today's Daily Dose

From the Vault

TV Shows with 10 or More Seasons II

by Caltac

These shows made it into the double digits!
Remove Ads.
Support Sporcle.
Get the best of Sporcle when you Go Orange. This ad-free experience offers more features, more stats, and more fun while also helping to support Sporcle. Thank you for becoming a member.

Show Comments

Extras

Top Quizzes Today


Score Distribution

Your Account Isn't Verified!

In order to create a playlist on Sporcle, you need to verify the email address you used during registration. Go to your Sporcle Settings to finish the process.

Report this User

Report this user for behavior that violates our Community Guidelines.

Details: